000 00523cab a2200205 4500
001 X667
008 090401t1993 xxu||||| |||| 00| 0 eng d
035 _a(Sirsi) u66920
041 _aeng
245 _aPresident commends West Country planners
260 _c1993
350 _a0
490 _aCSM (Chartered Surveyor Monthly)
_v2(8) May 1993, 2(1)
650 _aBRANCH MEETING
650 _aCHRISTOPHER JONAS
650 _aWEST COUNTRY
690 _aPLANNING LAW AND PRACTICE
942 _n0
948 _c04/03/1997
999 _c41827
_d41827